MARC

LEADER 00000nam0a2200000 4500
001 293724
005 20251229165158.0
035 |a (RuTPU)RU\TPU\book\318764 
090 |a 293724 
100 |a 20150505d1983 m y0rusy50 ca 
101 0 |a rus 
102 |a RU 
105 |a a j 001zy 
200 1 |a Геоморфология и геология  |e текст лекций  |f Н. В. Воляник  |g Ростовский инженерно-строительный институт 
210 |a Ростов-на-Дону  |c Изд-во Рост. инж.-строит. ин-та  |d 1982 
215 |a 55 с.  |c ил. 
320 |a Библиогр.: с. 54 
606 1 |a Геоморфология  |2 stltpush  |3 (RuTPU)RU\TPU\subj\6207  |9 34142 
606 |a Геология  |9 34054 
610 1 |a Земля 
610 1 |a рельефы 
610 1 |a классификация 
610 1 |a формирование 
610 1 |a геологические процессы 
610 1 |a речные долины 
610 1 |a инженерно-геологические изыскания 
610 1 |a учебные пособия 
675 |a 551.4  |v 3 
675 |a 55  |v 3 
700 1 |a Воляник  |b Н. В.  |g Николай Владимирович 
712 0 2 |a Ростовский инженерно-строительный институт  |3 (RuTPU)RU\TPU\col\10045  |9 24785 
801 1 |a RU  |b 63413507  |c 20150505 
801 2 |a RU  |b 63413507  |c 20181011  |g RCR 
942 |c BK